[Event "Bad Woerishofen Seniors opA 22th"]
[Site "Bad Woerishofen"]
[Date "2006.03.25"]
[Round "9"]
[White "Kreie, Guenther"]
[Black "Wild, Gerhard"]
[Result "1/2-1/2"]
[WhiteElo "1819"]
[BlackElo "1869"]
[PlyCount "98"]
[EventDate "2006.03.17"]
[EventType "swiss"]
[EventRounds "9"]
[EventCountry "GER"]
[SourceTitle "EXT 2022"]
[Source "ChessBase"]
[SourceDate "2021.10.06"]
[SourceVersion "1"]
[SourceVersionDate "2021.10.06"]
[SourceQuality "1"]

1. e4 c5 2. Nf3 e6 3. d4 cxd4 4. Nxd4 Nf6 5. Nc3 d6 6. Be2 a6 7. 0-0 Be7 8. Kh1 Qc7 9. f4 Nbd7 10. Bf3 0-0 11. a4 Rb8 12. Qe1 Kh8 13. Qg3 Nb6 14. e5 dxe5 15. fxe5 Ng8 16. Bf4 Bd7 17. Ne4 Nd5 18. Bg4 Nxf4 19. Qxf4 Rbd8 20. Qg3 Qb6 21. Nf3 h6 22. b3 Bc6 23. Nd6 Bxd6 24. exd6 Bxf3 25. Bxf3 Rxd6 26. Bxb7 Nf6 27. Bf3 Rfd8 28. Be2 a5 29. Bd3 Qd4 30. Rae1 R8d7 31. Qf3 Qd5 32. Qxd5 Nxd5 33. Bb5 Rc7 34. h3 Kg8 35. Rf2 Nc3 36. Bc4 Rdd7 37. Re5 Nd5 38. Rd2 Kf8 39. Bxd5 exd5 40. Re1 f6 41. Red1 Ke7 42. Kg1 Ke6 43. Kf2 g5 44. Ke3 f5 45. Kd4 Kd6 46. Re1 Kc6 47. Re6+ Rd6 48. Ke5 Rxe6+ 49. Kxe6 f4 1/2-1/2

[Event "Kurpfalz Seniors op 08th"]
[Site "Ludwigshafen"]
[Date "2002.09.08"]
[Round "1"]
[White "Wild, Gerhard"]
[Black "Groenegress, Wilfried"]
[Result "1/2-1/2"]
[WhiteElo "1949"]
[BlackElo "2105"]
[PlyCount "100"]
[EventDate "2002.09.08"]
[EventType "swiss"]
[EventRounds "7"]
[EventCountry "GER"]
[SourceTitle "EXT 2007"]
[Source "ChessBase"]
[SourceDate "2006.11.23"]
[SourceVersion "1"]
[SourceVersionDate "2006.11.23"]
[SourceQuality "1"]

1. d4 Nf6 2. Nf3 e6 3. c4 Bb4+ 4. Bd2 Qe7 5. Nc3 b6 6. g3 Bb7 7. Bg2 0-0 8. 0-0 d6 9. a3 Bxc3 10. Bxc3 Ne4 11. Qc2 Nxc3 12. Qxc3 Nd7 13. Nd2 Bxg2 14. Kxg2 e5 15. e3 e4 16. Rac1 Rfe8 17. Qc2 c5 18. Rce1 Nf6 19. h3 Rac8 20. Qa4 Qb7 21. Kh2 a6 22. Nb1 b5 23. cxb5 axb5 24. Qd1 c4 25. Nc3 b4 26. axb4 Qxb4 27. Qd2 Rb8 28. Rb1 d5 29. Rfc1 h6 30. Qc2 Re7 31. Kg2 Reb7 32. Qe2 Ra7 33. Qc2 Ra5 34. Nd1 Ra2 35. Qc3 Qxc3 36. Rxc3 Kf8 37. Rcc1 Ke7 38. Ra1 Rba8 39. Rxa2 Rxa2 40. Rb1 Ra8 41. b3 Rb8 42. b4 Ra8 43. b5 Kd6 44. Kf1 Nd7 45. Ke1 Nb6 46. Nc3 Ra3 47. Kd2 Na4 48. Nxa4 Rxa4 49. b6 Ra8 50. b7 Rb8 1/2-1/2

[Event "Bad Woerishofen Seniors op 18th"]
[Site "Bad Woerishofen"]
[Date "2002.03.13"]
[Round "7"]
[White "Wild, Gerhard"]
[Black "Plasswich, Heribert"]
[Result "1-0"]
[WhiteElo "1984"]
[BlackElo "1798"]
[PlyCount "71"]
[EventDate "2002.03.??"]
[EventType "swiss"]
[EventRounds "9"]
[EventCountry "GER"]
[SourceTitle "EXT 2006"]
[Source "ChessBase"]
[SourceDate "2005.11.24"]
[SourceVersion "1"]
[SourceVersionDate "2005.11.24"]
[SourceQuality "1"]

1. d4 e6 2. c4 d5 3. Nf3 Nf6 4. Nc3 Be7 5. e3 0-0 6. Bd3 b6 7. 0-0 Bb7 8. Ne5 dxc4 9. Bxc4 Nbd7 10. Nf3 c5 11. Qe2 Rc8 12. Rd1 Qc7 13. Bb3 c4 14. Nb5 Qb8 15. Bxc4 Ng4 16. e4 a6 17. Nc3 b5 18. Bd3 b4 19. Nb1 f5 20. Nbd2 Bh4 21. g3 fxe4 22. Bxe4 Bxe4 23. Qxe4 Ndf6 24. Qxe6+ Kh8 25. Nxh4 Rce8 26. Qc6 Nxh2 27. Ndf3 Nxf3+ 28. Nxf3 Ne4 29. Bf4 Qd8 30. Kg2 Rf6 31. Qc7 Qxc7 32. Bxc7 Rf7 33. Rd3 h6 34. Rf1 Kh7 35. Be5 Rf5 36. Re1 1-0

[Event "Bad Breisig Seniors op 3rd"]
[Site "Bad Breisig"]
[Date "2002.??.??"]
[Round "9"]
[White "Schneider, Miloca"]
[Black "Wild, Gerhard"]
[Result "1/2-1/2"]
[WhiteElo "2078"]
[BlackElo "1974"]
[PlyCount "40"]
[EventDate "2002.07.??"]
[EventType "swiss"]
[EventRounds "9"]
[EventCountry "GER"]
[SourceTitle "EXT 2006"]
[Source "ChessBase"]
[SourceDate "2005.11.24"]
[SourceVersion "1"]
[SourceVersionDate "2005.11.24"]
[SourceQuality "1"]

1. d4 d5 2. Nf3 Nf6 3. c4 e6 4. Nc3 c6 5. Bg5 Be7 6. e3 0-0 7. Qc2 Nbd7 8. Bd3 h6 9. Bh4 b6 10. cxd5 cxd5 11. 0-0 a6 12. Rac1 Bb7 13. Qe2 Ne4 14. Bxe7 Qxe7 15. Rc2 Rfc8 16. Rfc1 Nd6 17. b3 Qd8 18. Ne5 Nxe5 19. dxe5 Ne4 20. Qg4 Nc5 1/2-1/2

[Event "GER-chT Seniors 10th"]
[Site "Rheda Wiedenbrueck"]
[Date "2001.08.18"]
[Round "7.2"]
[White "Wild, Gerhard"]
[Black "Jentsch, Dieter"]
[Result "1-0"]
[WhiteElo "1985"]
[BlackElo "2286"]
[PlyCount "63"]
[EventDate "2001.08.12"]
[EventType "team"]
[EventRounds "7"]
[EventCountry "GER"]
[SourceTitle "EXT 2002"]
[Source "ChessBase"]
[SourceDate "2001.11.25"]
[SourceVersion "1"]
[SourceVersionDate "2001.11.25"]
[SourceQuality "1"]
[WhiteTeam "Baden Seniors II"]
[BlackTeam "Niedersachsen Seniors"]
[WhiteTeamCountry "GER"]
[BlackTeamCountry "GER"]

1. d4 d5 2. c4 dxc4 3. Nc3 Nf6 4. Nf3 a6 5. a4 Nc6 6. e4 Bg4 7. Be3 e6 8. Bxc4 Bb4 9. Bd3 e5 10. d5 Nd4 11. h3 Nxf3+ 12. gxf3 Bd7 13. Bg5 h6 14. Be3 Qe7 15. Rc1 c6 16. dxc6 Bxc6 17. Ke2 Rd8 18. Qb3 0-0 19. Rhg1 Kh8 20. Na2 Bd6 21. Qc2 Nh5 22. b3 f5 23. Rg6 Nf4+ 24. Bxf4 exf4 25. Nc3 Be5 26. Rcg1 Rc8 27. Qd2 Rfd8 28. Qe1 Be8 29. Bc4 Bxg6 30. Rxg6 Bxc3 31. Qxc3 b5 32. Rxh6# 1-0

[Event "GER-chT Seniors 10th"]
[Site "Rheda Wiedenbrueck"]
[Date "2001.08.17"]
[Round "6.2"]
[White "Both, Gerhard"]
[Black "Wild, Gerhard"]
[Result "1/2-1/2"]
[WhiteElo "1952"]
[BlackElo "1985"]
[PlyCount "89"]
[EventDate "2001.08.12"]
[EventType "team"]
[EventRounds "7"]
[EventCountry "GER"]
[SourceTitle "EXT 2002"]
[Source "ChessBase"]
[SourceDate "2001.11.25"]
[SourceVersion "1"]
[SourceVersionDate "2001.11.25"]
[SourceQuality "1"]
[WhiteTeam "Saarland Seniors"]
[BlackTeam "Baden Seniors II"]
[WhiteTeamCountry "GER"]
[BlackTeamCountry "GER"]

1. d4 d5 2. c4 e6 3. Nc3 Nf6 4. Bg5 Nbd7 5. e3 c6 6. Nf3 Be7 7. Rc1 0-0 8. Bd3 b6 9. cxd5 cxd5 10. 0-0 Bb7 11. Qe2 Ne4 12. Bxe7 Qxe7 13. Nb5 Rfc8 14. Rxc8+ Rxc8 15. Nxa7 Ra8 16. Nb5 Rc8 17. a3 f5 18. Nd2 Ndf6 19. f3 Nd6 20. Nc3 e5 21. dxe5 Qxe5 22. f4 Qe7 23. Nf3 Ng4 24. Re1 Re8 25. Nd1 g6 26. h3 Nf6 27. Ne5 Nh5 28. Kh2 Nf6 29. Nc3 Nf7 30. Nxf7 Kxf7 31. Bb5 Rd8 32. Rd1 Kg7 33. Qd3 d4 34. exd4 Qc7 35. Qe3 Ne4 36. Nxe4 Bxe4 37. Bd3 Re8 38. d5 Qd6 39. Bc4 Re7 40. g3 h5 41. Qd4+ Kh7 42. h4 Bf3 43. Rf1 Re4 44. Qc3 Be2 45. Bxe2 1/2-1/2

[Event "GER-chT Seniors 10th"]
[Site "Rheda Wiedenbrueck"]
[Date "2001.08.15"]
[Round "4.2"]
[White "Wild, Gerhard"]
[Black "Benne, Horst"]
[Result "0-1"]
[WhiteElo "1985"]
[BlackElo "2159"]
[PlyCount "102"]
[EventDate "2001.08.12"]
[EventType "team"]
[EventRounds "7"]
[EventCountry "GER"]
[SourceTitle "EXT 2002"]
[Source "ChessBase"]
[SourceDate "2001.11.25"]
[SourceVersion "1"]
[SourceVersionDate "2001.11.25"]
[SourceQuality "1"]
[WhiteTeam "Baden Seniors II"]
[BlackTeam "Sachsen Anhalt Seniors II"]
[WhiteTeamCountry "GER"]
[BlackTeamCountry "GER"]

1. d4 Nf6 2. c4 g6 3. Nc3 d5 4. Nf3 Bg7 5. Bg5 Ne4 6. Bf4 Nxc3 7. bxc3 c5 8. e3 0-0 9. cxd5 cxd4 10. cxd4 Qxd5 11. Be2 Qa5+ 12. Qd2 Nc6 13. Qxa5 Nxa5 14. Rc1 Bf5 15. 0-0 Rac8 16. Nd2 Be6 17. a3 Rxc1 18. Rxc1 Rc8 19. Rxc8+ Bxc8 20. Bf3 e6 21. Bd6 Bf8 22. Bxf8 Kxf8 23. Kf1 Ke7 24. Ke2 f5 25. Kd3 b6 26. Kc3 Ba6 27. Bd1 Bb7 28. Bf3 Ba6 29. Bd1 Nb7 30. h4 Nd6 31. Bf3 Kf6 32. e4 Nb5+ 33. Kb4 Nxd4 34. exf5 gxf5 35. Bh5 h6 36. Kc3 e5 37. g3 Nb5+ 38. Kb4 Nc7 39. a4 e4 40. a5 Nd5+ 41. Ka4 Ke5 42. axb6 axb6 43. Bg6 Nc3+ 44. Kb3 Nd1 45. f4+ Kf6 46. Bh5 Nf2 47. Nc4 Bxc4+ 48. Kxc4 Ke6 49. Kd4 Nh1 50. g4 Ng3 51. gxf5+ Kxf5 0-1

[Event "GER-chT Seniors 10th"]
[Site "Rheda Wiedenbrueck"]
[Date "2001.08.12"]
[Round "1.3"]
[White "Wild, Gerhard"]
[Black "Nuenchert, Eveline"]
[Result "1/2-1/2"]
[WhiteElo "1985"]
[BlackElo "2223"]
[PlyCount "77"]
[EventDate "2001.08.12"]
[EventType "team"]
[EventRounds "7"]
[EventCountry "GER"]
[SourceTitle "EXT 2002"]
[Source "ChessBase"]
[SourceDate "2001.11.25"]
[SourceVersion "1"]
[SourceVersionDate "2001.11.25"]
[SourceQuality "1"]
[WhiteTeam "Baden Seniors II"]
[BlackTeam "Brandenburg Seniors"]
[WhiteTeamCountry "GER"]
[BlackTeamCountry "GER"]

1. d4 Nf6 2. c4 c5 3. Nf3 g6 4. Nc3 cxd4 5. Nxd4 Bg7 6. e4 d6 7. h3 Nc6 8. Be3 0-0 9. Be2 Bd7 10. 0-0 a6 11. Rc1 Rc8 12. Qd2 Nxd4 13. Bxd4 Bc6 14. f3 Qa5 15. Be3 Rfd8 16. Bd3 Nd7 17. Rfd1 Nc5 18. Bf1 e5 19. Qf2 b5 20. cxb5 axb5 21. Nd5 Bxd5 22. Rxd5 Bf8 23. a3 Qa4 24. Kh1 Rb8 25. Be2 b4 26. Rc4 bxa3 27. bxa3 Qxa3 28. Kh2 Qa2 29. Rd2 Rb2 30. Rxb2 Qxb2 31. Qe1 Rb8 32. Rc1 Qa3 33. Bc4 Nd3 34. Rc3 Nxe1 35. Rxa3 Nc2 36. Rc3 Nxe3 37. Rxe3 Bh6 38. Rb3 Rc8 39. Bd5 1/2-1/2

[Event "Bad Woerishofen Seniors op 16th"]
[Site "Bad Woerishofen"]
[Date "2000.??.??"]
[Round "6"]
[White "Wild, Gerhard"]
[Black "Bierwisch, Bernhard"]
[Result "0-1"]
[WhiteElo "1970"]
[BlackElo "2105"]
[PlyCount "104"]
[EventDate "2000.03.??"]
[EventType "swiss"]
[EventRounds "9"]
[EventCountry "GER"]
[SourceTitle "EXT 2003"]
[Source "ChessBase"]
[SourceDate "2002.11.25"]
[SourceVersion "1"]
[SourceVersionDate "2002.11.25"]
[SourceQuality "1"]

1. d4 Nf6 2. Nf3 g6 3. c4 d6 4. h3 Bg7 5. Nc3 Nbd7 6. e4 e5 7. d5 Nc5 8. Qc2 a5 9. Be3 b6 10. Be2 Bd7 11. 0-0 Nh5 12. Rfe1 0-0 13. Nh2 Nf4 14. Bf1 f5 15. f3 Bf6 16. Rad1 Bh4 17. Bf2 Bxf2+ 18. Qxf2 fxe4 19. Nxe4 Nxe4 20. Rxe4 Bf5 21. Ree1 Qg5 22. Kh1 Bd7 23. Rd2 Rae8 24. Qe3 h5 25. Bd3 Kg7 26. Be4 Re7 27. Qf2 h4 28. Qe3 Ref7 29. Qf2 Bf5 30. Qe3 Qd8 31. Qf2 Nh5 32. Nf1 Qg5 33. Qe3 Kh6 34. Qxg5+ Kxg5 35. Kg1 Nf6 36. Rde2 Bxe4 37. fxe4 Nh5 38. Rc2 Rf4 39. Nd2 Ng3 40. Rc3 Kh5 41. Rf3 g5 42. a3 g4 43. hxg4+ Kxg4 44. Ree3 Rxf3 45. Nxf3 Kf4 46. Re1 h3 47. Nd2 Rg8 48. b4 axb4 49. axb4 hxg2 50. c5 bxc5 51. bxc5 dxc5 52. Kf2 Ne2 0-1

[Event "Bad Woerishofen Seniors op 16th"]
[Site "Bad Woerishofen"]
[Date "2000.??.??"]
[Round "9"]
[White "Wild, Gerhard"]
[Black "Margraf, Achim"]
[Result "1/2-1/2"]
[WhiteElo "1970"]
[BlackElo "1880"]
[PlyCount "38"]
[EventDate "2000.03.??"]
[EventType "swiss"]
[EventRounds "9"]
[EventCountry "GER"]
[SourceTitle "EXT 2003"]
[Source "ChessBase"]
[SourceDate "2002.11.25"]
[SourceVersion "1"]
[SourceVersionDate "2002.11.25"]
[SourceQuality "1"]

1. d4 Nf6 2. Nf3 b6 3. c4 e6 4. Nc3 Bb4 5. e3 Bb7 6. Bd3 d5 7. 0-0 Nbd7 8. a3 Bxc3 9. bxc3 0-0 10. cxd5 exd5 11. c4 Ba6 12. Qc2 Bxc4 13. Bxc4 dxc4 14. Qxc4 c5 15. Bb2 cxd4 16. exd4 Rc8 17. Qb3 Ne4 18. h3 Ndf6 19. Rac1 Qd5 1/2-1/2

[Event "GER-chT Seniors 07th"]
[Site "Bad Wildbad"]
[Date "1998.??.??"]
[Round "7"]
[White "Franke, Helmut"]
[Black "Wild, Gerhard"]
[Result "1/2-1/2"]
[WhiteElo "2013"]
[BlackElo "1999"]
[PlyCount "24"]
[EventDate "1998.10.04"]
[EventType "team-swiss"]
[EventRounds "7"]
[EventCountry "GER"]
[SourceTitle "EXT 2022"]
[Source "ChessBase"]
[SourceDate "2021.10.06"]
[SourceVersion "1"]
[SourceVersionDate "2021.10.06"]
[SourceQuality "1"]

1. e4 c5 2. Nf3 e6 3. d4 cxd4 4. Nxd4 Nf6 5. Nc3 d6 6. Be2 a6 7. Be3 Qc7 8. 0-0 b5 9. a3 Bb7 10. Bf3 Nbd7 11. g3 Be7 12. Bg2 Ne5 1/2-1/2

[Event "GER-chT Seniors 07th"]
[Site "Bad Wildbad"]
[Date "1998.??.??"]
[Round "6"]
[White "Wild, Gerhard"]
[Black "Weigel, Herbert"]
[Result "1-0"]
[WhiteElo "1999"]
[BlackElo "2081"]
[PlyCount "85"]
[EventDate "1998.10.04"]
[EventType "team-swiss"]
[EventRounds "7"]
[EventCountry "GER"]
[SourceTitle "EXT 2022"]
[Source "ChessBase"]
[SourceDate "2021.10.06"]
[SourceVersion "1"]
[SourceVersionDate "2021.10.06"]
[SourceQuality "1"]

1. d4 g6 2. Nf3 Bg7 3. c4 d6 4. Nc3 e5 5. d5 Ne7 6. e4 0-0 7. h3 f5 8. Be2 Nd7 9. Nd2 Nf6 10. 0-0 c6 11. f3 f4 12. dxc6 bxc6 13. Nb3 Be6 14. Kh2 g5 15. Bd2 Qd7 16. Rh1 Ng6 17. Be1 Kf7 18. Qd2 h5 19. Rd1 Rad8 20. Kg1 Rh8 21. c5 d5 22. exd5 cxd5 23. Nb5 Bf8 24. Qa5 Be7 25. Rc1 Rc8 26. Bb4 a6 27. Nd6+ Bxd6 28. cxd6 Rxc1+ 29. Nxc1 Qc6 30. Qc7+ Qxc7 31. dxc7 Bc8 32. Kf2 Ne8 33. Ba5 Ke6 34. Nb3 Rh7 35. Rc1 Ne7 36. Nc5+ Kd6 37. Nxa6 Nc6 38. Bb6 Bxa6 39. Bxa6 Nxc7 40. Bd3 Rg7 41. Bc5+ Kd7 42. Bf5+ Ke8 43. Bd6 1-0

[Event "Bad Woerishofen Seniors op 13th"]
[Site "Bad Woerishofen"]
[Date "1997.??.??"]
[Round "9"]
[White "Weigel, Herbert"]
[Black "Wild, Gerhard"]
[Result "0-1"]
[WhiteElo "2083"]
[BlackElo "1858"]
[PlyCount "88"]
[EventDate "1997.03.??"]
[EventType "swiss"]
[EventRounds "9"]
[EventCountry "GER"]
[SourceTitle "EXT 2006"]
[Source "ChessBase"]
[SourceDate "2005.11.24"]
[SourceVersion "1"]
[SourceVersionDate "2005.11.24"]
[SourceQuality "1"]

1. e4 c5 2. Nf3 e6 3. d4 cxd4 4. Nxd4 Nf6 5. Nc3 d6 6. g4 a6 7. g5 Nfd7 8. Rg1 Nc6 9. Be3 Qc7 10. f4 Nxd4 11. Qxd4 b5 12. a3 Bb7 13. Bg2 Rc8 14. 0-0-0 Qc4 15. Qxc4 Rxc4 16. f5 e5 17. Nd5 Bxd5 18. Rxd5 Be7 19. b3 Rc6 20. h4 Nc5 21. Kb2 0-0 22. Bf3 Kh8 23. h5 Rfc8 24. Rd2 Rg8 25. Rdg2 Rcc8 26. g6 fxg6 27. hxg6 h6 28. Bxh6 gxh6 29. g7+ Kh7 30. f6 Bxf6 31. Bg4 Bg5 32. Bxc8 Rxc8 33. Re2 Kxg7 34. Rd1 Rd8 35. b4 Ne6 36. c3 Kf6 37. Kb3 Nf4 38. Rf2 Ke6 39. a4 d5 40. axb5 axb5 41. Ra2 dxe4 42. Rxd8 Bxd8 43. c4 bxc4+ 44. Kxc4 e3 0-1

[Event "Bad Woerishofen Seniors op 12th"]
[Site "Bad Woerishofen"]
[Date "1996.??.??"]
[Round "3"]
[White "Fechner, Werner"]
[Black "Wild, Gerhard"]
[Result "1/2-1/2"]
[WhiteElo "1835"]
[BlackElo "1905"]
[PlyCount "58"]
[EventDate "1996.03.08"]
[EventType "swiss"]
[EventRounds "9"]
[EventCountry "GER"]
[SourceTitle "EXT 2006"]
[Source "ChessBase"]
[SourceDate "2005.11.24"]
[SourceVersion "1"]
[SourceVersionDate "2005.11.24"]
[SourceQuality "1"]

1. e4 c5 2. f4 d5 3. e5 Nc6 4. c3 e6 5. Nf3 Nge7 6. Na3 a6 7. Nc2 Ng6 8. d4 Be7 9. g3 Bd7 10. Be3 c4 11. h4 h6 12. Rh2 b5 13. Bd2 Qb6 14. Ne3 Bd8 15. h5 Nge7 16. g4 Bc7 17. Bh3 0-0-0 18. g5 Kb7 19. b3 Ka7 20. Rb1 Qa5 21. b4 Qb6 22. Qe2 Bc8 23. Nc2 Rdf8 24. a4 Kb7 25. a5 Qa7 26. Be3 Qb8 27. Bf2 Bd7 28. Kd2 Qc8 29. Ne3 Qe8 1/2-1/2